| 000 | 00522nam a2200193 a 4500 | ||
|---|---|---|---|
| 005 | 20260324064026.0 | ||
| 008 | 030627s1983 mx r 000 0 spa d | ||
| 035 | _aUPN01000126953 | ||
| 049 | _aCG | ||
| 050 | 4 |
_aAC75 _bS4.8 no.39 |
|
| 100 | 1 | _aZapata, Mario | |
| 245 | 1 | 0 |
_aReforma educativa : _b¿para qué? / _cMario Zapata. |
| 260 |
_aMéxico : _bFCE, _c1983. |
||
| 300 | _a267 p. | ||
| 440 | 0 |
_aSEP/80 ; _v39 |
|
| 650 | 4 |
_aReforma educativa _zMéxico _94075 |
|
| 650 | 4 |
_aEducación _zMéxico _95405 |
|
| 905 | _aLibro | ||
| 999 |
_c99132 _d99132 |
||